Álgebras de Nelson /

Guardado en:
Otros Autores: Viglizzo, Ignacio Darío. (Disertante), Monteiro, Luiz Fernando. (Orientador)
Formato: Manuscrito
Idioma:Spanish
Publicado: 1999.
Etiquetas: Agregar Etiqueta
Sin Etiquetas, Sea el primero en etiquetar este registro!
LEADER 00717ntm a22001935a 4500
001 MAT.inmabb003934
008 060606s1999####ag#######bm###000#0#spa#d
005 20130308114112.0
245 1 0 |a Álgebras de Nelson /  |c Ignacio Darío Viglizzo. 
260 |c 1999. 
300 |a iii, 197 h. ;  |c 30 cm. 
502 |a Tesis (Magister en Matemática)--Universidad Nacional del Sur. Departamento de Matemática, 1999. 
500 |a Director de tesis: Luiz Monteiro. 
504 |a Incluye referencias bibliográficas. 
100 1 |a Viglizzo, Ignacio Darío.  |4 dis 
700 1 |a Monteiro, Luiz Fernando.  |4 ths 
710 2 |a Universidad Nacional del Sur.  |4 dgg 
084 |a 06D99 (06D20 03G25)  |2 msc2000 
859 |h 06  |i V677  |p A-7587  |b BIB. MATEMATICA